Thinking from the Han (Record no. 275356)

MARC details
000 -LEADER
fixed length control field 00719nam a2200241Ia 4500
003 - CONTROL NUMBER IDENTIFIER
control field OSt
005 - DATE AND TIME OF LATEST TRANSACTION
control field 20220918222354.0
008 - FIXED-LENGTH DATA ELEMENTS--GENERAL INFORMATION
fixed length control field 220917b |||||||| |||| 00| 0 eng d
037 ## - SOURCE OF ACQUISITION
Terms of availability Textual
040 ## - CATALOGING SOURCE
Original cataloging agency ARTS
Transcribing agency ARTS
Language of cataloging eng
041 ## - LANGUAGE CODE
Source of code eng
Language code of text/sound track or separate title eng
100 ## - MAIN ENTRY--PERSONAL NAME
Personal name Hall David L.
9 (RLIN) 54075
245 #0 - TITLE STATEMENT
Title Thinking from the Han
Remainder of title self, truth and transcendence in chinese and western culture
260 ## - PUBLICATION, DISTRIBUTION, ETC.
Place of publication, distribution, etc. New York
Name of publisher, distributor, etc. State univ. of New press
Date of publication, distribution, etc. 1998
300 ## - PHYSICAL DESCRIPTION
Extent xix, 336p
Dimensions cm.
700 ## - ADDED ENTRY--PERSONAL NAME
Personal name Ames Roger T.
9 (RLIN) 21109
942 ## - ADDED ENTRY ELEMENTS (KOHA)
Classification part R841om19G, N8
Koha item type Textual
Source of classification or shelving scheme Colon Classification (CC)
Holdings
Withdrawn status Lost status Damaged status Not for loan Home library Current library Date acquired Total Checkouts Full call number Barcode Date last seen Price effective from Koha item type
        Arts Library Arts Library 2022-09-18   R841om19G N8 AL1198786 2022-09-18 2022-09-18 Textual
Copyright @ Delhi University Library System